00394nam a2200157Ia 4500003000400000005001700004008004100021020001600062040000600078041000800084082002900092100002900121245004200150260003300192300001100225OSt20230620131624.0230519s9999 xx 000 0 und d a819639617-1 c0 aeng aB/612.015/AGA/MAH/DB0053 aAgarkar P & Maheshwari V aText Book of Biochemistry for Nursing bNirali PrakashanaPunec2008 a24.15p